|
|
|
|
| LEADER |
01249nam a2200325 a 4500 |
| 001 |
AAL 3778 |
| 003 |
BD-DhAAL |
| 005 |
20160209173034.0 |
| 008 |
150129s1998 cou b 001 0 eng |
| 010 |
|
|
|a 96041596
|
| 020 |
|
|
|a 1555877796
|
| 040 |
|
|
|a DLC
|c DLC
|d DLC
|d BD-DhAAL
|
| 050 |
0 |
0 |
|a PN5449.S55
|b S46 1997
|
| 082 |
0 |
0 |
|a 323.44/5/095957
|2 20
|
| 999 |
|
|
|c 33529
|d 33529
|
| 999 |
|
|
|c 33529
|
| 100 |
1 |
|
|a Seow, Francis T.
|9 7616
|
| 245 |
1 |
4 |
|a The media enthralled :
|b Singapore revisited /
|c Francis T. Seow ; with a foreword by Henry J. Steiner.
|
| 260 |
|
|
|a Boulder, Colo. :
|b Lynne Rienner Publishers,
|c 1998.
|
| 300 |
|
|
|a xviii, 254 p. ;
|c 25 cm.
|
| 504 |
|
|
|a Includes bibliographical references (p. 238-243) and index.
|
| 541 |
|
|
|e 3778
|
| 650 |
|
0 |
|a Freedom of the press
|z Singapore.
|9 7617
|
| 650 |
|
0 |
|a Government and the press
|z Singapore.
|9 7618
|
| 650 |
|
0 |
|a Online information services
|z Singapore.
|9 7619
|
| 650 |
|
0 |
|a Foreign news
|z Singapore.
|9 7620
|
| 650 |
|
0 |
|a Press law
|z Singapore.
|9 7621
|
| 830 |
|
0 |
|a International communication and popular culture.
|9 7622
|
| 942 |
|
|
|2 ddc
|c BK
|
| 952 |
|
|
|0 0
|1 0
|2 ddc
|4 0
|6 323_445095957000000_SEO
|7 0
|9 52373
|a SCL
|b SCL
|c GEN
|d 2015-01-29
|l 0
|o 323.445095957 SEO
|p 3020003778
|r 2015-01-29
|t 1
|w 2015-01-29
|y BK
|